Les Ministres de la Justice de la Ve République - Statistiques

Statistiques générales
  • Ce quiz a été pris 159 fois
  • Le résultat moyen est 9 sur 33
Statistiques - réponses
Mandat Parti Ministre % Correct
2024- RE Gérald Darmanin
92%
2020-2024 SE Éric Dupond-Moretti
81%
2012-2016 Walwari Christiane Taubira
73%
1981-1986 PS Robert Badinter
68%
2017 MoDem François Bayrou
66%
2007-2009 UMP Rachida Dati
57%
2017-2020 DVG Nicole Belloubet
51%
2024 DVG Didier Migaud
46%
2009-2010 UMP Michèle Alliot-Marie
41%
1997-2000 PS Élisabeth Guigou
40%
2016-2017 PS Jean-Jacques Urvoas
34%
1967-1968 UDR Louis Joxe
27%
1981 MRG Maurice Faure
23%
2010-2012 DVD Michel Mercier
19%
1995-1997 RPR Jacques Toubon
18%
2000-2002 PS Marylise Lebranchu
18%
2002-2005 RPR/UMP Dominique Perben
17%
1977-1981 RPR Alain Peyrefitte
16%
2005-2007 UMP Pascal Clément
15%
1974-1976 CD Jean Lecanuet
13%
1993-1995 UDF-CDS Pierre Méhaignerie
13%
1969-1973 CDP René Pleven
13%
1986 MRG Michel Crépeau
11%
1986-1988 RPR Albin Chalandon
9%
1962-1967 UNR/UDR Jean Foyer
8%
1976-1977 UDR/RPR Olivier Guichard
8%
1988-1990 DVG Pierre Arpaillange
8%
1990-1992 PS Henri Nallet
6%
1968-1969 UDR René Capitant
6%
1959-1961 UNR Edmond Michelet
5%
1973-1974 UDR Jean Taittinger
5%
1992-1993 PS Michel Vauzelle
5%
1961-1962 UNR Bernard Chenot
1%
Aucun quiz correspondant
Distribution des résultats
% des personnes avec chaque résultat
Percentile par nombre de réponses
Votre historique - résultats
Vous n’avez pas pris ce quiz